在空白地图上画出辽宁所有县级行政区Counties in Liaoning with an empty map - Statistics

General Stats
  • This quiz has been taken 140 times
  • The average score is 81 of 100
Answers on the Map
Answers color-coded by a green-red scale on the quiz's map according to % correct below.
 
Answer Stats
地级 县级 % Correct
大连市 瓦房店市
97%
大连市 金州区
96%
沈阳市 皇姑区
95%
大连市 普兰店区
95%
沈阳市 和平区
93%
沈阳市 | 鞍山市 铁西区
93%
沈阳市 浑南区
93%
沈阳市 新民市
92%
大连市 中山区
92%
大连市 庄河市
92%
本溪市 本溪满族自治县
92%
大连市 甘井子区
91%
大连市 旅顺口区
91%
沈阳市 沈北新区
89%
沈阳市 法库县
89%
抚顺市 抚顺县
89%
阜新市 阜新蒙古族自治县
89%
沈阳市 沈河区
88%
丹东市 东港市
88%
营口市 大石桥市
88%
辽阳市 辽阳县
88%
朝阳市 朝阳县
88%
朝阳市 北票市
88%
鞍山市 铁东区
87%
辽阳市 灯塔市
87%
沈阳市 大东区
85%
沈阳市 辽中区
85%
大连市 西岗区
85%
铁岭市 铁岭县
85%
铁岭市 调兵山市
85%
沈阳市 苏家屯区
84%
沈阳市 于洪区
84%
鞍山市 海城市
84%
本溪市 桓仁满族自治县
84%
营口市 鲅鱼圈区
84%
营口市 盖州市
84%
大连市 沙河口区
83%
大连市 长海县
83%
鞍山市 千山区
83%
丹东市 元宝区
83%
葫芦岛市 南票区
83%
丹东市 宽甸满族自治县
81%
盘锦市 大洼区
81%
铁岭市 开原市
81%
葫芦岛市 绥中县
81%
鞍山市 岫岩满族自治县
80%
丹东市 凤城市
80%
锦州市 凌海市
80%
阜新市 彰武县
80%
盘锦市 兴隆台区
80%
盘锦市 盘山县
80%
铁岭市 银州区
80%
铁岭市 昌图县
80%
抚顺市 清原满族自治县
79%
锦州市 古塔区
79%
锦州市 黑山县
79%
营口市 老边区
79%
铁岭市 清河区
79%
朝阳市 凌源市
79%
葫芦岛市 兴城市
79%
沈阳市 康平县
77%
抚顺市 顺城区
77%
抚顺市 新宾满族自治县
77%
锦州市 北镇市
77%
阜新市 清河门区
77%
锦州市 义县
76%
辽阳市 白塔区
76%
辽阳市 太子河区
76%
铁岭市 西丰县
76%
朝阳市 喀喇沁左翼蒙古族自治县
76%
鞍山市 台安县
75%
抚顺市 新抚区
75%
丹东市 振兴区
75%
丹东市 振安区
75%
锦州市 凌河区
75%
盘锦市 双台子区
75%
鞍山市 立山区
73%
本溪市 溪湖区
73%
辽阳市 宏伟区
73%
辽阳市 弓长岭区
73%
朝阳市 双塔区
73%
抚顺市 望花区
72%
本溪市 南芬区
72%
营口市 站前区
72%
朝阳市 龙城区
72%
朝阳市 建平县
72%
抚顺市 东洲区
71%
本溪市 明山区
71%
辽阳市 文圣区
71%
葫芦岛市 龙港区
71%
锦州市 太和区
69%
阜新市 新邱区
69%
阜新市 细河区
69%
葫芦岛市 连山区
69%
葫芦岛市 建昌县
69%
本溪市 平山区
68%
营口市 西市区
68%
阜新市 海州区
68%
阜新市 太平区
64%
No matching quizzes found
Score Distribution
Percent of People with Each Score
Percentile by Number Answered
Your Score History
You have not taken this quiz